Muslim girls education in India: (Record no. 139207)

MARC details
000 -LEADER
fixed length control field 00611nam a22001937a 4500
005 - DATE AND TIME OF LATEST TRANSACTION
control field 20170421154007.0
010 ## - LCCN (DPL NO)
LC control number ENG-117930
020 ## - INTERNATIONAL STANDARD BOOK NUMBER
International Standard Book Number 9789382623014
Terms of availability 500.00
035 ## - SYSTEM CONTROL NUMBER
System control number EN-101452
037 ## - SOURCE OF ACQUISITION
Source of stock number/acquisition DBAD/PUB
082 ## - DEWEY DECIMAL CLASSIFICATION NUMBER
Classification number 371.8288297
100 ## - MAIN ENTRY--PERSONAL NAME
Personal name Pradhan, Niladri
245 ## - TITLE STATEMENT
Title Muslim girls education in India:
Statement of responsibility, etc by Niladri Pradhan
Remainder of title theories and practices/
260 ## - PUBLICATION, DISTRIBUTION, ETC. (IMPRINT)
Place of publication, distribution, etc Kolkata
Name of publisher, distributor, etc Readers Service
Date of publication, distribution, etc 2014
270 ## - ADDRESS
Address 59/5A, Garfa Main Road
City Kolkata
Postal code 700075
300 ## - PHYSICAL DESCRIPTION
Extent xvi,176p. :
Dimensions 22cm (Hb)
Other physical details ill(maps)
500 ## - GENERAL NOTE
General note Includes references
942 ## - ADDED ENTRY ELEMENTS (KOHA)
Source of classification or shelving scheme Dewey Decimal Classification
Item type English Books
Classification part 371.8288297
Call number suffix PRA
Holdings
Withdrawn status Lost status Not for loan Collection code Home library Current library Date acquired Source of acquisition Cost, normal purchase price Full call number Barcode Copy number Cost, replacement price Koha item type
      Non-fiction Patel Nagar Patel Nagar 21/04/2017 DBAD/PUB 500.00 371.8288297 PRA EN-101462 1 500.00 English Books

© Delhi Public Library
Hit Counter
free hit counter